000
00283nam a22001097a 4500
008
170124b xxu||||| |||| 00| 0 eng d
020
_a
9780721658698
041
_a
eng
080
_a
618.2
245
_a
THE PHYSICIAN ASSISTANT EMERGENCY MEDICINE HANDBOOK
_c
SALYER, S.W
942
_2
udc
_c
BK
999
_c
3531
_d
3531